Największe miasta według województwa Polski na literę B - Statystyki

Ogólne statystyki
  • Ten quiz został rozwiązany 33 razy
    20 od ostatniego zresetowania
  • Średni wynik to 8 z 16
Statystyki odpowiedzi
Województwo Populacja Miasto % Poprawnych
podlaskie 290 386 Białystok
95%
kujawsko-pomorskie 324 043 Bydgoszcz
90%
śląskie 164 318 Bielsko-Biała
80%
łódzkie 52 331 Bełchatów
70%
lubelskie 54 178 Biała Podlaska
70%
małopolskie 28 211 Bochnia
60%
warmińsko-mazurskie 21 314 Bartoszyce
55%
dolnośląskie 37 293 Bolesławiec
55%
opolskie 33 403 Brzeg
50%
pomorskie 16 218 Bytów
50%
zachodniopomorskie 22 561 Białogard
45%
świętokrzyskie 14 469 Busko-Zdrój
45%
podkarpackie 7 168 Brzozów
30%
mazowieckie 14 568 Brwinów
20%
wielkopolskie 2 948 Bojanowo
5%
lubuskie 3 970 Bytom Odrzański
0%
Nie znaleziono quizów pasujących do podanych kryteriów
Rozkład punktacji
Procent ludzi z każdym wynikiem
Percentyl według liczby udzielonych odpowiedzi
Twoja historia wyników
Nie rozwiązałeś tego quizu od ostatniego zresetowania